300 BEST-EVER RECIPES HOT & SPICY : (Record no. 171811)

MARC details
000 -LEADER
fixed length control field 01067nam a22002777i 4500
005 - DATE AND TIME OF LATEST TRANSACTION
control field 20190331120127.0
008 - FIXED-LENGTH DATA ELEMENTS--GENERAL INFORMATION
fixed length control field 190331t20112011enko e 001 0 eng d
020 ## - INTERNATIONAL STANDARD BOOK NUMBER
International Standard Book Number 9781844769698
Qualifying information paperback
Terms of availability RM35.90
040 ## - CATALOGING SOURCE
Original cataloging agency PPAK
Language of cataloging eng
Transcribing agency PPAK
Modifying agency rda
082 00 - DEWEY DECIMAL CLASSIFICATION NUMBER
Classification number 641.6383
Edition number 23
090 00 - LOCALLY ASSIGNED LC-TYPE CALL NUMBER (OCLC); LOCAL CALL NUMBER (RLIN)
Classification number (OCLC) (R) ; Classification number, CALL (RLIN) (NR) 641.6383
Feature heading TRE
Feature heading R
245 10 - TITLE STATEMENT
Title 300 BEST-EVER RECIPES HOT & SPICY :
Remainder of title A sizzling collection of dishes from the spiciest cuisines around the world, illustrated with more than 300 mouthwatering photographs /
Statement of responsibility, etc. Edited by Beverley Jollands ; Editor: Joanne Rippin, Anne Hildyard
246 3# - VARYING FORM OF TITLE
Number of part/section of a work Three hundred best-ever recipes hot and spicy
264 #1 - PRODUCTION, PUBLICATION, DISTRIBUTION, MANUFACTURE, AND COPYRIGHT NOTICE
Place of production, publication, distribution, manufacture Wigston, Leicestershire :
Name of producer, publisher, distributor, manufacturer Southwater,
Date of production, publication, distribution, manufacture, or copyright notice 2011
Date of production, publication, distribution, manufacture, or copyright notice ©2011
300 ## - PHYSICAL DESCRIPTION
Extent 160 pages :
Other physical details colour photographs ;
Dimensions 30 cm
336 ## - CONTENT TYPE
Source rdacontent
Content type term text
337 ## - MEDIA TYPE
Source rdamedia
Media type term unmediated
338 ## - CARRIER TYPE
Source rdacarrier
Carrier type term volume
500 ## - GENERAL NOTE
General note Includes index
650 10 - SUBJECT ADDED ENTRY--TOPICAL TERM
Topical term or geographic name entry element Cooking (Spices)
700 1# - ADDED ENTRY--PERSONAL NAME
Personal name Jollands, Beverley,
Relator term editor.
Personal name Rippin, Joanne,
Relator term editor.
Personal name Hildyard, Anne,
Relator term editor.
942 ## - ADDED ENTRY ELEMENTS (KOHA)
Source of classification or shelving scheme Dewey Decimal Classification
Koha item type Book
Holdings
Withdrawn Not for loan Current library Shelving location Date acquired Full call number Barcode Date last seen Koha item type
  Not For Loan Perpustakaan Alor Setar Rujukan Dewasa 28/04/2019 R 641.6383 TRE A01598748 28/04/2019 Book
  Not For Loan Perpustakaan Baling Rujukan Dewasa 28/04/2019 R 641.6383 TRE A01598750 28/04/2019 Book
  Not For Loan Perpustakaan Jitra Rujukan Dewasa 28/04/2019 R 641.6383 TRE A01598749 28/04/2019 Book